Statistiques concernant Péninsules de Monde!

Cliquez ici pour prendre le quiz!

Statistiques générales

  • Ce quiz a été pris 58 fois
  • Le résultat moyen est 10 sur 103

Statistiques - réponses

Région du MondePéninsule% Correct
Europe (Europe Occidentale)Ibérique
82%
Asie (Moyen-Orient)Arabique
57%
Afrique (Afrique de l'Est)Corne de l'Afrique ou Somali
57%
Europe (France)Bretagne
47%
Amérique du Nord (Mexique)Basse-Californie
41%
Amérique du Nord (Mexique)Yucatan
35%
Amérique du Nord (États-Unis)Floride
33%
Asie (Sud-est Asiatique)Indochine
33%
Europe (Sud-Est Européen)Balkans
29%
Asie (Asie de l'Est)Coréen
29%
Europe (Danemark)Jutland
29%
Europe (Europe du Nord)Scandinavie
29%
Europe (Royaume Uni)Gibraltar
27%
Europe (Italie)Italienne
27%
Asie (Asie du Sud)Indien ou Deccan
22%
Asie (Turquie)Anatolie
20%
Asie (Russie)Kamtchatka
20%
Amérique du Nord (Canada)Labrador
20%
Europe (Grèce)Péloponnèse
20%
Amérique du Nord (Alaska)Alaska
18%
Europe (France)Cotentin
16%
Asie (Sud-est Asiatique)Malaise
14%
Amérique du Nord (États-Unis)Michigan
12%
AntarctiqueAntarctique
8%
Afrique (Tunisie)Cap Bon
8%
Europe (Croatie)Istrie
8%
Europe (Russie)Kola
8%
Amérique du Nord (Canada)Nord
8%
Asie (Qatar)Qatarienne
8%
Amérique du Sud (Argentine et Chili)Ushuaïa
8%
Amérique du Nord (Canada)Acadienne
6%
Europe (Grèce)Attique
6%
Amérique du Nord (Canada)Boothia
6%
Océanie (Australie)de Tasmanie
6%
Asie (Russie)Gydan ou Gydanski
6%
Afrique (Mauritanie)Ras Nouadhibou (Cap Blanc)
6%
Asie (Chine)Shandong
6%
Amérique du Nord (Canada)Ungava
6%
Amérique du Nord (Canada)Adelaide
4%
AntarctiqueArctowski
4%
Amérique du Nord (Canada)Aspotogan
4%
Amérique du Nord (Canada)Baie Verte
4%
Afrique (Nigeria)Bakassi
4%
Asie (Philippines)Bataan
4%
AntarctiqueBonaparte
4%
Asie (Japon)Bōsō
4%
Amérique du Nord (Canada)Bruce
4%
Afrique (Érythrée)Buri
4%
Amérique du Nord (Canada)Burrard
4%
Asie (Russie)Chipounski
4%
Asie (Russie)Chukotka ou Chukchi
4%
Afrique (Royaume Uni)d'Almina
4%
Amérique du Nord (Canada)d'Avalon
4%
Antarctiquedu Roi-Édouard-VII
4%
Amérique du Sud (Argentine)El Páramo
4%
Asie (Russie)Faddeïevski
4%
Amérique du Nord (Canada)Gaspésienne
4%
Asie (Russie)Govena
4%
Amérique du Sud (Venezuela e Colombie)Guajira
4%
Amérique du Nord (Cuba)Guanahacabibes
4%
Amérique du Sud (Chili)Hardy
4%
Europe (Pologne)Hel
4%
Asie (Chine)Kowloon
4%
Europe (Europe de l'Est)La Crimée
4%
Asie (Chine)Leizhou
4%
Asie (Chine)Liaodong
4%
AntarctiqueMartin
4%
Asie (Indonesie)Minahasa
4%
Asie (Russie)Mouraviov-Amourski
4%
Amérique du Sud (Pérou)Paracas
4%
AntarctiqueSchmidt
4%
Asie (Japon)Shimokita
4%
Asie (Russie)Yamal
4%
Europe (Irlande)Beara
2%
Europe (Espagne)Cadix
2%
Europe (Grèce)Chalcidique
2%
Océanie (Nouvelle-Zélande)Coromandel
2%
Antarctique (France)Courbet
2%
Océanie (Australie)Eyre
2%
Europe (Allemagne)Fischland-Darss-Zingst
2%
Amérique du Nord (Canada)Foxe
2%
Antarctique (France)Gallieni
2%
Océanie (Papoausie Nouvelle-Guinée)Gazelle
2%
Europe (Royaume Uni)Hoo
2%
Europe (Chypre)Karpas
2%
Amérique du Nord (Alaska)Seward
2%
Asie (Japon)Shiretoko
2%
Asie (Russie)Taïmyr
2%
Asie (Russie)Taman
2%
Asie (Japon)Tsugaru
2%
Océanie (Nouvelle-Zélande)Banks
0%
Europe (Royaume Uni)d'Ardnamurchan
0%
Europe (Irlande)d'Inishowen
0%
Afrique (Egypt)du Sinai
0%
Asie (Japon)Kii
0%
Europe (Royaume Uni)Llŷn
0%
Europe (Grèce)Magne
0%
Afrique (Madagascar)Masoala
0%
Océanie (Australie)Mornington
0%
Amérique du Sud (Nicaragua)Nicoya
0%
Asie (Indonesie)Oriental
0%
Afrique (Madagascar)Sahamalaza Peninsula
0%
Amérique du Sud (Argentine)Valdez
0%

Distribution des résultats

Percentile par nombre de réponses

% des personnes avec chaque résultat

Votre développement - résultats

Vous n’avez pas pris ce quiz